[Event "36. Copenhagen Open (Politiken Cup)"]
[Site "Elsinore"]
[Date "2014.07.21"]
[Round "1"]
[White "Abrahamyan, Tatev"]
[Black "Bjornsson, Eirikur K"]
[Result "1-0"]
[WhiteElo "2366"]
[BlackElo "1939"]
[PlyCount "53"]
[EventDate "2014.07.21"]
[EventType "swiss"]
[EventRounds "10"]
[EventCountry "DEN"]
[Source "ChessBase"]
[SourceDate "2014.08.29"]

1. e4 c5 2. Nf3 g6 3. d4 cxd4 4. Nxd4 Nc6 5. Nc3 Bg7 6. Be3 Nf6 7. Bc4 O-O 8.
Bb3 e6 9. O-O d5 10. exd5 exd5 11. h3 Re8 12. Re1 Be6 13. Nxe6 fxe6 14. Nb5 a6
15. Nd4 Qd7 16. c4 dxc4 17. Bxc4 Nd5 18. Nxe6 Rad8 19. Nxd8 Rxd8 20. Bb6 Rf8
21. Qxd5+ Qxd5 22. Bxd5+ Kh8 23. Bxc6 bxc6 24. Rad1 Bxb2 25. Bd4+ Bxd4 26. Rxd4
c5 27. Rd7 1-0

[Event "36. Copenhagen Open (Politiken Cup)"]
[Site "Elsinore"]
[Date "2014.07.21"]
[Round "1"]
[White "Alle, Ambjorn"]
[Black "Hansen, Tommy"]
[Result "1-0"]
[WhiteElo "2196"]
[BlackElo "1797"]
[PlyCount "63"]
[EventDate "2014.07.21"]
[EventType "swiss"]
[EventRounds "10"]
[EventCountry "DEN"]
[Source "ChessBase"]
[SourceDate "2014.08.29"]

1. Nf3 Nf6 2. c4 b6 3. g3 Bb7 4. Bg2 c5 5. O-O g6 6. Nc3 Bg7 7. Re1 O-O 8. e4
d6 9. d4 cxd4 10. Nxd4 Qc8 11. Nd5 Re8 12. Bg5 Nbd7 13. Rc1 h6 14. Be3 Bxd5 15.
cxd5 Qa6 16. a3 Ne5 17. Bf1 Qb7 18. Bf4 Nfd7 19. Bb5 Rac8 20. Qe2 Rc5 21. b4
Rxc1 22. Rxc1 f5 23. Ba6 Qa8 24. Ne6 Qb8 25. exf5 gxf5 26. Qh5 Nf8 27. Nxg7
Kxg7 28. Qxh6+ Kg8 29. Bxe5 dxe5 30. Qg5+ Kh8 31. Qxf5 Qd6 32. Qh5+ 1-0

[Event "36. Copenhagen Open (Politiken Cup)"]
[Site "Elsinore"]
[Date "2014.07.21"]
[Round "1"]
[White "Andersen, Claus"]
[Black "Molvig, Henrik"]
[Result "0-1"]
[WhiteElo "1774"]
[BlackElo "2162"]
[PlyCount "96"]
[EventDate "2014.07.21"]
[EventType "swiss"]
[EventRounds "10"]
[EventCountry "DEN"]
[Source "ChessBase"]
[SourceDate "2014.08.29"]

1. d4 Nf6 2. c4 g6 3. Nc3 Bg7 4. e4 d6 5. Nf3 O-O 6. Be2 e5 7. dxe5 dxe5 8.
Qxd8 Rxd8 9. Bg5 c6 10. Nxe5 Re8 11. O-O-O Na6 12. f4 h6 13. Bh4 g5 14. Bg3 Nc5
15. fxg5 Nfxe4 16. Nxe4 Nxe4 17. Nxf7 Nxg3 18. hxg3 Rxe2 19. Nxh6+ Bxh6 20.
Rd8+ Bf8 21. Rf1 Rc2+ 22. Kxc2 Bf5+ 23. Rxf5 Rxd8 24. g6 Rd7 25. Rh5 Rd6 26.
Rh7 Bg7 27. b4 Rxg6 28. Rh3 Rg4 29. Kb3 Be5 30. c5 Bxg3 31. Rh6 Be1 32. a3 Rxg2
33. Re6 Bh4 34. Re8+ Kh7 35. a4 Rg8 36. Re4 Bf6 37. b5 Kg6 38. Kc4 Kf5 39. Re2
Rg4+ 40. Kb3 Bd4 41. bxc6 bxc6 42. Rc2 Ke5 43. Kb4 Kd5 44. Rd2 Rg1 45. Rc2 Rb1+
46. Ka5 Bxc5 47. Ka6 Rb6+ 48. Ka5 Bb4# 0-1

[Event "36. Copenhagen Open (Politiken Cup)"]
[Site "Elsinore"]
[Date "2014.07.21"]
[Round "1"]
[White "Andersen, Dag"]
[Black "Akdag, Dara Sevkan"]
[Result "0-1"]
[WhiteElo "1862"]
[BlackElo "2236"]
[PlyCount "46"]
[EventDate "2014.07.21"]
[EventType "swiss"]
[EventRounds "10"]
[EventCountry "DEN"]
[Source "ChessBase"]
[SourceDate "2014.08.29"]

1. d4 Nf6 2. Nf3 g6 3. Bg5 Bg7 4. Nbd2 c5 5. e3 O-O 6. Be2 d6 7. h3 Re8 8. Bf4
Nc6 9. Bh2 cxd4 10. exd4 e5 11. dxe5 dxe5 12. O-O Nd5 13. Nc4 e4 14. Nfd2 Qg5
15. Kh1 Nf4 16. Bxf4 Qxf4 17. c3 Ne5 18. Nd6 Bxh3 19. gxh3 Nf3 20. Nxf3 exf3
21. Bc4 Be5 22. Bxf7+ Kh8 23. Bxe8 Qh2# 0-1

[Event "36. Copenhagen Open (Politiken Cup)"]
[Site "Elsinore"]
[Date "2014.07.21"]
[Round "1"]
[White "Andersen, Daniel"]
[Black "Ly, Moulthun"]
[Result "0-1"]
[WhiteElo "1967"]
[BlackElo "2466"]
[PlyCount "36"]
[EventDate "2014.07.21"]
[EventType "swiss"]
[EventRounds "10"]
[EventCountry "DEN"]
[Source "ChessBase"]
[SourceDate "2014.08.29"]

1. c4 Nf6 2. Nc3 e6 3. e4 d5 4. e5 d4 5. exf6 dxc3 6. fxg7 cxd2+ 7. Bxd2 Bxg7
8. Qc2 c5 9. O-O-O Nc6 10. Nf3 O-O 11. Bd3 f5 12. g4 Qc7 13. a3 Kh8 14. gxf5
exf5 15. Rhg1 Nd4 16. Nxd4 Bxd4 17. Bh6 Rf7 18. Rg2 Qc6 0-1

[Event "36. Copenhagen Open (Politiken Cup)"]
[Site "Elsinore"]
[Date "2014.07.21"]
[Round "1"]
[White "Andersen, Guttorm"]
[Black "Bach, Matthias"]
[Result "0-1"]
[WhiteElo "1845"]
[BlackElo "2224"]
[PlyCount "50"]
[EventDate "2014.07.21"]
[EventType "swiss"]
[EventRounds "10"]
[EventCountry "DEN"]
[Source "ChessBase"]
[SourceDate "2014.08.29"]

1. d4 d6 2. e4 Nd7 3. c4 c5 4. d5 a6 5. a4 e5 6. dxe6 fxe6 7. Bd2 Ne7 8. f4 Nc6
9. Nf3 Be7 10. Bd3 O-O 11. O-O Bf6 12. Qc1 Bd4+ 13. Kh1 Nf6 14. Nc3 Ng4 15. Nd1
Bd7 16. h3 Nf6 17. Be3 Nh5 18. Bxd4 cxd4 19. Rf2 Nxf4 20. Bf1 e5 21. Qd2 a5 22.
b3 Ne6 23. Nb2 Nc5 24. Qc2 Nb4 25. Qb1 Bc6 0-1

[Event "36. Copenhagen Open (Politiken Cup)"]
[Site "Elsinore"]
[Date "2014.07.21"]
[Round "1"]
[White "Andersen, Morten"]
[Black "Schmidt, Horst Hubert"]
[Result "1-0"]
[WhiteElo "2143"]
[BlackElo "1767"]
[PlyCount "69"]
[EventDate "2014.07.21"]
[EventType "swiss"]
[EventRounds "10"]
[EventCountry "DEN"]
[Source "ChessBase"]
[SourceDate "2014.08.29"]

1. d4 d5 2. c4 e6 3. g3 Nf6 4. Bg2 Be7 5. Nf3 O-O 6. O-O Nc6 7. b3 a5 8. Bb2 a4
9. Na3 axb3 10. axb3 Nb4 11. Ne5 c6 12. Nc2 Bd7 13. Qd2 Nxc2 14. Qxc2 Qb6 15.
e4 Rxa1 16. Rxa1 dxe4 17. Bxe4 Bc8 18. Bg2 Rd8 19. c5 Qc7 20. Bc3 Qb8 21. Ra4
Nd5 22. Ba5 Re8 23. Bd2 Bf6 24. Nc4 Be7 25. Bxd5 exd5 26. Bf4 b5 27. Bxb8 bxa4
28. Ne3 axb3 29. Qxb3 Bh3 30. f4 g5 31. Qb6 gxf4 32. Bxf4 Ra8 33. Qxc6 Ra1+ 34.
Kf2 Ra2+ 35. Kf3 1-0

[Event "36. Copenhagen Open (Politiken Cup)"]
[Site "Elsinore"]
[Date "2014.07.21"]
[Round "1"]
[White "Andersen, Rune Egede"]
[Black "Keen, Cosima C"]
[Result "1-0"]
[WhiteElo "2132"]
[BlackElo "1729"]
[PlyCount "55"]
[EventDate "2014.07.21"]
[EventType "swiss"]
[EventRounds "10"]
[EventCountry "DEN"]
[Source "ChessBase"]
[SourceDate "2014.08.29"]

1. e4 c6 2. c4 d5 3. exd5 cxd5 4. cxd5 Nf6 5. Nc3 g6 6. Bb5+ Bd7 7. Bc4 Qc7 8.
Qb3 Na6 9. d6 Qxd6 10. d4 e6 11. Qxb7 Nc7 12. Qf3 Qxd4 13. Nge2 Qxc4 14. Qxf6
Rg8 15. O-O Bg7 16. Qg5 Bc6 17. Bf4 h6 18. Qg3 Nd5 19. Be5 Nxc3 20. Nxc3 Bxe5
21. Qxe5 Rd8 22. Rad1 Rxd1 23. Rxd1 Bd7 24. Ne4 Kf8 25. Nf6 Rg7 26. Nxd7+ Kg8
27. Qb8+ Kh7 28. Nf6# 1-0

[Event "36. Copenhagen Open (Politiken Cup)"]
[Site "Elsinore"]
[Date "2014.07.21"]
[Round "1"]
[White "Andersson, Thorbjorn"]
[Black "Daulyte, Deimante"]
[Result "0-1"]
[WhiteElo "1950"]
[BlackElo "2405"]
[PlyCount "52"]
[EventDate "2014.07.21"]
[EventType "swiss"]
[EventRounds "10"]
[EventCountry "DEN"]
[Source "ChessBase"]
[SourceDate "2014.08.29"]

1. e4 e5 2. Nf3 Nc6 3. Nc3 g6 4. Bb5 Bg7 5. O-O Nge7 6. d3 O-O 7. Bg5 f6 8. Be3
d6 9. Bc4+ Kh8 10. a3 Bd7 11. Qd2 Be8 12. h4 Bf7 13. Bxf7 Rxf7 14. Ne2 d5 15.
Rad1 d4 16. Bh6 Bxh6 17. Qxh6 Qd7 18. Ng3 Nd8 19. Qd2 Ne6 20. Ne2 c5 21. g3 Nc6
22. Kg2 f5 23. h5 g5 24. Nxg5 Nxg5 25. Qxg5 f4 26. h6 f3+ 0-1

[Event "36. Copenhagen Open (Politiken Cup)"]
[Site "Elsinore"]
[Date "2014.07.21"]
[Round "1"]
[White "Astrom, Lars"]
[Black "Schroeder, Jan Christian"]
[Result "0-1"]
[WhiteElo "1939"]
[BlackElo "2370"]
[PlyCount "72"]
[EventDate "2014.07.21"]
[EventType "swiss"]
[EventRounds "10"]
[EventCountry "DEN"]
[Source "ChessBase"]
[SourceDate "2014.08.29"]

1. e4 e5 2. Nf3 Nc6 3. Bc4 Nf6 4. d3 Be7 5. O-O O-O 6. c3 d6 7. Re1 Na5 8. Bb5
a6 9. Ba4 b5 10. Bc2 c5 11. Nbd2 Nc6 12. Nf1 Be6 13. Ng3 Rc8 14. Bg5 h6 15. Be3
d5 16. a4 Qc7 17. Qe2 d4 18. axb5 axb5 19. Bd2 c4 20. Nh4 Rfd8 21. Nhf5 dxc3
22. bxc3 Qd7 23. Ra6 Bf8 24. Qf3 cxd3 25. Bb1 b4 26. Nxh6+ gxh6 27. Qxf6 Bg7
28. Qf3 bxc3 29. Bxc3 Bg4 30. Qe3 d2 31. Bxd2 Qxd2 32. Qxd2 Rxd2 33. Ra2 Rcd8
34. Nf5 Rd1 35. Kf1 Rxe1+ 36. Kxe1 Rd1# 0-1

[Event "36. Copenhagen Open (Politiken Cup)"]
[Site "Elsinore"]
[Date "2014.07.21"]
[Round "1"]
[White "Beshukov, Sergei"]
[Black "Boe Olsen, Filip"]
[Result "1-0"]
[WhiteElo "2423"]
[BlackElo "1937"]
[PlyCount "59"]
[EventDate "2014.07.21"]
[EventType "swiss"]
[EventRounds "10"]
[EventCountry "DEN"]
[Source "ChessBase"]
[SourceDate "2014.08.29"]

1. b3 d5 2. Bb2 Bf5 3. e3 e6 4. Nf3 Nf6 5. Be2 c6 6. Nh4 Bg6 7. Nxg6 hxg6 8. c4
Nbd7 9. Nc3 Bd6 10. h3 O-O 11. g4 e5 12. g5 Ne8 13. h4 d4 14. Ne4 c5 15. Bd3
Be7 16. Qg4 Rc8 17. h5 Rc6 18. O-O-O Nd6 19. hxg6 fxg6 20. Nxd6 Rxd6 21. Be4
Nb6 22. f4 exf4 23. exf4 Qd7 24. Qh4 Kf7 25. Rde1 Ke8 26. Qh7 Rxf4 27. Qxg7 Kd8
28. Bxg6 Bxg5 29. Qe5 Qg4 30. Qxd6+ 1-0

[Event "36. Copenhagen Open (Politiken Cup)"]
[Site "Elsinore"]
[Date "2014.07.21"]
[Round "1"]
[White "Bjorn, Lasse E"]
[Black "Ochsner, Bjorn Moller"]
[Result "0-1"]
[WhiteElo "1910"]
[BlackElo "2318"]
[PlyCount "60"]
[EventDate "2014.07.21"]
[EventType "swiss"]
[EventRounds "10"]
[EventCountry "DEN"]
[Source "ChessBase"]
[SourceDate "2014.08.29"]

1. e4 c5 2. Nf3 d6 3. d4 cxd4 4. Nxd4 Nf6 5. Nc3 a6 6. Be2 e5 7. Nb3 Be7 8. O-O
O-O 9. a4 Nc6 10. Kh1 Be6 11. f4 exf4 12. Bxf4 d5 13. e5 Ne4 14. Nxe4 dxe4 15.
Nd2 Qa5 16. Nxe4 Nxe5 17. Ng5 Bxg5 18. Bxg5 Nc4 19. Qd4 Rac8 20. Bh4 Qd2 21.
Bd3 Qh6 22. b3 Ne3 23. Rfc1 Bf5 24. h3 Bxd3 25. Qxd3 Nxg2 26. Kxg2 Qxh4 27. c4
Rcd8 28. Qc3 Qe4+ 29. Kh2 Qe2+ 30. Kg1 Rd3 0-1

[Event "36. Copenhagen Open (Politiken Cup)"]
[Site "Elsinore"]
[Date "2014.07.21"]
[Round "1"]
[White "Bohman, Leif"]
[Black "Lauridsen, Jesper Morch"]
[Result "0-1"]
[WhiteElo "1866"]
[BlackElo "2244"]
[PlyCount "94"]
[EventDate "2014.07.21"]
[EventType "swiss"]
[EventRounds "10"]
[EventCountry "DEN"]
[Source "ChessBase"]
[SourceDate "2014.08.29"]

1. d4 d5 2. Nf3 e6 3. Bf4 Bd6 4. Bg3 Nf6 5. e3 O-O 6. Bd3 b6 7. Qe2 c5 8. c3
Nc6 9. Nbd2 Bb7 10. Bh4 Be7 11. Ne5 Nxe5 12. dxe5 Nd7 13. Bxe7 Qxe7 14. Nf3
Rad8 15. O-O f6 16. exf6 Qxf6 17. Rae1 c4 18. Bb1 Nc5 19. Nd2 e5 20. e4 dxe4
21. Nxe4 Bxe4 22. Bxe4 b5 23. f3 Rd6 24. Bc2 Rd5 25. b3 Nd3 26. Bxd3 cxd3 27.
Qe4 Rfd8 28. Rd1 d2 29. Rf2 Rd3 30. Kf1 h6 31. Re2 Qd6 32. Qb4 Qxb4 33. cxb4
R8d5 34. Re4 Kf7 35. Ke2 Kf6 36. g4 g5 37. Re3 R3d4 38. Rc3 e4 39. Rc6+ Ke5 40.
Rc5 exf3+ 41. Kxf3 Rxc5 42. bxc5 Kd5 43. h3 b4 44. Ke3 Kxc5 45. Ke2 Kd5 46. Kf3
Rd3+ 47. Ke2 Ke4 0-1

[Event "36. Copenhagen Open (Politiken Cup)"]
[Site "Elsinore"]
[Date "2014.07.21"]
[Round "1"]
[White "Boukhris, Yacine"]
[Black "Thybo, Thomas Sondergaard"]
[Result "1-0"]
[WhiteElo "2073"]
[BlackElo "1525"]
[PlyCount "47"]
[EventDate "2014.07.21"]
[EventType "swiss"]
[EventRounds "10"]
[EventCountry "DEN"]
[Source "ChessBase"]
[SourceDate "2014.08.29"]

1. e4 c6 2. Nc3 d5 3. Nf3 Bg4 4. h3 Bxf3 5. Qxf3 e6 6. d4 Nf6 7. e5 Nfd7 8. Qg3
c5 9. dxc5 Nc6 10. Bf4 Nxc5 11. O-O-O a6 12. Be2 b5 13. Bf3 b4 14. Ne2 Qa5 15.
Kb1 Qb5 16. Rhe1 a5 17. Bc1 a4 18. Nf4 b3 19. cxb3 Nxb3 20. Nxd5 exd5 21. Bxd5
Nxc1 22. Qf3 Nd8 23. Bxa8 a3 24. b3 1-0

[Event "36. Copenhagen Open (Politiken Cup)"]
[Site "Elsinore"]
[Date "2014.07.21"]
[Round "1"]
[White "Bratveit, Kristoffer"]
[Black "Beckett, Christopher J"]
[Result "0-1"]
[WhiteElo "1724"]
[BlackElo "2132"]
[PlyCount "46"]
[EventDate "2014.07.21"]
[EventType "swiss"]
[EventRounds "10"]
[EventCountry "DEN"]
[Source "ChessBase"]
[SourceDate "2014.08.29"]

1. e4 e6 2. d4 c5 3. c3 d5 4. Bd3 dxe4 5. Bxe4 Nf6 6. Bf3 Nc6 7. Ne2 cxd4 8.
Nxd4 Ne5 9. Be2 a6 10. O-O Bc5 11. Be3 Qe7 12. Nd2 Nd5 13. N2f3 Nxe3 14. fxe3
Ng4 15. Qd2 e5 16. Nc2 O-O 17. Rad1 Bf5 18. Nfe1 Rad8 19. Qc1 Qg5 20. Rf3 e4
21. Rg3 Qh4 22. Nd4 Qxh2+ 23. Kf1 Qh1# 0-1

[Event "36. Copenhagen Open (Politiken Cup)"]
[Site "Elsinore"]
[Date "2014.07.21"]
[Round "1"]
[White "Brorsen, Jacob Abildlund"]
[Black "Paulsson, Anders"]
[Result "1-0"]
[WhiteElo "2179"]
[BlackElo "1788"]
[PlyCount "87"]
[EventDate "2014.07.21"]
[EventType "swiss"]
[EventRounds "10"]
[EventCountry "DEN"]
[Source "ChessBase"]
[SourceDate "2014.08.29"]

1. d4 d5 2. c4 e6 3. Nc3 c6 4. Nf3 Nd7 5. e4 dxe4 6. Nxe4 Ngf6 7. Nc3 Bd6 8.
Bd3 O-O 9. O-O e5 10. d5 cxd5 11. cxd5 a6 12. Re1 b5 13. Bg5 Bb7 14. Bc2 Qb6
15. Bxf6 Nxf6 16. Qd3 Rfe8 17. a3 Rad8 18. Ng5 g6 19. Qf3 Bc5 20. Rad1 Re7 21.
h4 Bd4 22. Rxd4 exd4 23. Rxe7 dxc3 24. Rxf7 Rd6 25. Qxc3 Bxd5 26. Re7 Rc6 27.
Qd3 Qc5 28. Re2 Bc4 29. Bb3 Rd6 30. Bxc4+ bxc4 31. Qf3 Qc7 32. g3 Qd7 33. Kg2
Qc6 34. Qxc6 Rxc6 35. Re6 Rxe6 36. Nxe6 Nd5 37. Nc5 a5 38. Kf3 c3 39. bxc3 Nxc3
40. Ke3 Kf7 41. Kd4 Nb1 42. a4 Nd2 43. Nb7 Nb3+ 44. Kc3 1-0

[Event "36. Copenhagen Open (Politiken Cup)"]
[Site "Elsinore"]
[Date "2014.07.21"]
[Round "1"]
[White "Brouwer, Rein"]
[Black "Loveid, Erik"]
[Result "1-0"]
[WhiteElo "2035"]
[BlackElo "1490"]
[PlyCount "65"]
[EventDate "2014.07.21"]
[EventType "swiss"]
[EventRounds "10"]
[EventCountry "DEN"]
[Source "ChessBase"]
[SourceDate "2014.08.29"]

1. d4 d5 2. c4 e5 3. dxe5 d4 4. Nf3 Nc6 5. a3 f6 6. exf6 Qxf6 7. Bg5 Qg6 8.
Nbd2 h6 9. Bf4 Qf7 10. Bg3 Be6 11. Qa4 O-O-O 12. O-O-O g5 13. Ne5 Nxe5 14. Bxe5
Bg7 15. Bxg7 Qxg7 16. Qxa7 Ne7 17. g3 Nc6 18. Qc5 Rhf8 19. Qb5 Rxf2 20. Ne4 Rf5
21. Nc5 Rxc5 22. Qxc5 Qf7 23. Bg2 Bxc4 24. Bxc6 bxc6 25. Rxd4 Rxd4 26. Qxd4
Bxe2 27. Re1 Bb5 28. Rd1 Qa2 29. Qa7 Qc4+ 30. Kb1 Qe4+ 31. Ka1 Bd3 32. Qa8+ Kd7
33. Qa6 1-0

[Event "36. Copenhagen Open (Politiken Cup)"]
[Site "Elsinore"]
[Date "2014.07.21"]
[Round "1"]
[White "Carnstam, Tomas"]
[Black "Nilssen, Ellen Fredericia"]
[Result "1-0"]
[WhiteElo "2097"]
[BlackElo "1646"]
[PlyCount "87"]
[EventDate "2014.07.21"]
[EventType "swiss"]
[EventRounds "10"]
[EventCountry "DEN"]
[Source "ChessBase"]
[SourceDate "2014.08.29"]

1. d4 e6 2. g3 d5 3. Bg2 Bd6 4. c4 c6 5. Nc3 Ne7 6. e4 dxc4 7. Nf3 O-O 8. O-O
Nd7 9. Be3 Nb6 10. Qe2 Ng6 11. e5 Bc7 12. Ne4 Ne7 13. Bg5 h6 14. Be3 Nf5 15.
Bd2 a5 16. Rad1 Ne7 17. g4 Ned5 18. g5 h5 19. Nh4 g6 20. Bc1 Kg7 21. Nf6 Qe7
22. Be4 Bd7 23. Qf3 Rh8 24. b3 cxb3 25. Qxb3 Nb4 26. Qb1 Rab8 27. Bxg6 Na4 28.
Qb3 fxg6 29. Qxa4 c5 30. Qxd7 Qxd7 31. Nxd7 Rbe8 32. Nxc5 b6 33. a3 bxc5 34.
axb4 cxb4 35. Bb2 Ra8 36. d5 Rhe8 37. dxe6 Bd8 38. Rd7+ Re7 39. Rfd1 Rxd7 40.
Rxd7+ Kg8 41. e7 Bb6 42. e6 a4 43. e8=Q+ Rxe8 44. Rg7+ 1-0

[Event "36. Copenhagen Open (Politiken Cup)"]
[Site "Elsinore"]
[Date "2014.07.21"]
[Round "1"]
[White "Carstensen, Jacob"]
[Black "Thomsen, Kurt"]
[Result "1-0"]
[WhiteElo "2375"]
[BlackElo "1940"]
[PlyCount "67"]
[EventDate "2014.07.21"]
[EventType "swiss"]
[EventRounds "10"]
[EventCountry "DEN"]
[Source "ChessBase"]
[SourceDate "2014.08.29"]

1. d4 Nf6 2. c4 g6 3. Nc3 d5 4. Nf3 Bg7 5. Bf4 O-O 6. e3 c6 7. h3 Nbd7 8. Bd3
dxc4 9. Bxc4 Nb6 10. Bb3 Nbd5 11. Bh2 Qa5 12. Rc1 Nxc3 13. bxc3 Bd7 14. Ne5 e6
15. O-O Rfd8 16. Qf3 Be8 17. Rfe1 b5 18. c4 Rac8 19. c5 Qa3 20. Bg3 Nd5 21. Bh4
Bxe5 22. dxe5 a5 23. Bxd8 Rxd8 24. e4 Nc7 25. Qf6 Rb8 26. Qe7 Rc8 27. Rcd1 a4
28. Bc2 Qxa2 29. Bb1 Qc4 30. Rd8 Rxd8 31. Qxd8 a3 32. Qxc7 a2 33. Bxa2 Qxa2 34.
Qe7 1-0

[Event "36. Copenhagen Open (Politiken Cup)"]
[Site "Elsinore"]
[Date "2014.07.21"]
[Round "1"]
[White "Chevannes, Sabrina"]
[Black "Akkanen, Timo"]
[Result "1-0"]
[WhiteElo "2160"]
[BlackElo "1771"]
[PlyCount "117"]
[EventDate "2014.07.21"]
[EventType "swiss"]
[EventRounds "10"]
[EventCountry "DEN"]
[Source "ChessBase"]
[SourceDate "2014.08.29"]

1. d4 d5 2. c4 c6 3. Nf3 g6 4. cxd5 cxd5 5. Nc3 Bg7 6. Bf4 a6 7. Qa4+ Bd7 8.
Qb3 Bc6 9. e3 Nf6 10. Ne5 Nbd7 11. Nxc6 bxc6 12. Qb7 e5 13. Bxe5 O-O 14. Bc7
Qc8 15. Qxc8 Rfxc8 16. Bd6 c5 17. dxc5 Nxc5 18. Be5 Nce4 19. Be2 Nxc3 20. Bxc3
Ne4 21. Bxg7 Kxg7 22. f3 Nd6 23. Kd2 Rc6 24. b3 Rac8 25. Rac1 a5 26. Rxc6 Rxc6
27. Rc1 Rxc1 28. Kxc1 Kf6 29. Kd2 Ke5 30. f4+ Ke6 31. Bf3 f5 32. Kd3 Nb5 33. h4
h5 34. a4 Nc7 35. Kd4 Kd6 36. Be2 Ne6+ 37. Kc3 Kc5 38. Bb5 Nc7 39. Bd3 Ne6 40.
Bb5 Nc7 41. Be2 Ne8 42. b4+ axb4+ 43. Kb3 Nd6 44. a5 Nc8 45. Ba6 Nd6 46. Be2
Nc8 47. Ka4 Na7 48. a6 b3 49. Kxb3 d4 50. exd4+ Kxd4 51. Bc4 Ke4 52. g3 Kf3 53.
Bf7 Kxg3 54. Bxg6 Kxh4 55. Bxf5 Kg3 56. Bd7 Kxf4 57. Kc4 Ke5 58. Kc5 h4 59. Bh3
1-0

[Event "36. Copenhagen Open (Politiken Cup)"]
[Site "Elsinore"]
[Date "2014.07.21"]
[Round "1"]
[White "Christensen, Thomas2"]
[Black "Maechel, Michael"]
[Result "1-0"]
[WhiteElo "2139"]
[BlackElo "1718"]
[PlyCount "89"]
[EventDate "2014.07.21"]
[EventType "swiss"]
[EventRounds "10"]
[EventCountry "DEN"]
[Source "ChessBase"]
[SourceDate "2014.08.29"]

1. Nc3 Nf6 2. e4 e5 3. f4 d6 4. Nf3 Bg4 5. h3 Bxf3 6. Qxf3 Nbd7 7. Bc4 exf4 8.
Qxf4 Ne5 9. Bb3 Nh5 10. Qf2 Qf6 11. O-O Qxf2+ 12. Rxf2 Nf6 13. d3 Be7 14. Nb5
Bd8 15. Bg5 Ned7 16. Raf1 O-O 17. Be3 a6 18. Nc3 c6 19. g4 h6 20. Kg2 Re8 21.
Rf3 Ne5 22. Rf5 Ng6 23. Bf2 Rc8 24. Bg3 Bc7 25. h4 Rf8 26. g5 Ng4 27. Nd1 d5
28. exd5 Bxg3 29. Kxg3 h5 30. dxc6 Rxc6 31. Bxf7+ Rxf7 32. Rxf7 Rxc2 33. Rxb7
Rd2 34. Nf2 Ne3 35. Rh1 Nf5+ 36. Kf3 Ngxh4+ 37. Rxh4 Nxh4+ 38. Ke3 Rc2 39. Ne4
Nf5+ 40. Kf4 Nh4 41. d4 Ng6+ 42. Kf5 Nh4+ 43. Ke6 Re2 44. Kd5 Nf3 45. g6 1-0

[Event "36. Copenhagen Open (Politiken Cup)"]
[Site "Elsinore"]
[Date "2014.07.21"]
[Round "1"]
[White "Christenson, Bjorn Aa"]
[Black "Petersen, Tom Petri"]
[Result "0-1"]
[WhiteElo "1931"]
[BlackElo "2334"]
[PlyCount "134"]
[EventDate "2014.07.21"]
[EventType "swiss"]
[EventRounds "10"]
[EventCountry "DEN"]
[Source "ChessBase"]
[SourceDate "2014.08.29"]

1. e4 g6 2. d4 Bg7 3. Nf3 d6 4. Bc4 a6 5. a4 e6 6. O-O b6 7. Bg5 Ne7 8. h3 h6
9. Be3 Bb7 10. Bd3 O-O 11. Qc1 Kh7 12. c3 Nd7 13. Re1 f5 14. Qc2 Nf6 15. Nbd2
Nh5 16. Nf1 Qd7 17. Rad1 Rae8 18. N1h2 Nf6 19. exf5 exf5 20. c4 Ne4 21. d5 Nc5
22. Bxc5 bxc5 23. Bf1 Ng8 24. g3 Nf6 25. Bg2 Bc8 26. Nf1 Qf7 27. Nh4 f4 28. g4
Bd7 29. Nd2 Rxe1+ 30. Rxe1 Re8 31. Ne4 Kh8 32. Kf1 g5 33. Nf5 Bxf5 34. gxf5 Nd7
35. Nd2 Rxe1+ 36. Kxe1 Qf6 37. b3 Qa1+ 38. Qb1 Qc3 39. Kd1 Ne5 40. Ne4 Qd4+ 41.
Ke2 Nd7 42. Qd3 Qb2+ 43. Kd1 Bf6 44. Qc2 Qd4+ 45. Qd2 Qe5 46. Nxf6 Qxf6 47. Be4
Kg7 48. Ke2 Qe5 49. Qc2 Qd4 50. Qd3 Qxd3+ 51. Bxd3 a5 52. Bc2 Kf6 53. Kf3 Ke5
54. Ke2 Nf6 55. Kf3 h5 56. Ke2 g4 57. hxg4 hxg4 58. f3 g3 59. Be4 Nh5 60. f6
Kxf6 61. Ke1 Ng7 62. Bd3 Nf5 63. Ke2 Ne3 64. Bh7 Kg7 65. Be4 Kh6 66. Bd3 Kg5
67. Bh7 Kh4 0-1

[Event "36. Copenhagen Open (Politiken Cup)"]
[Site "Elsinore"]
[Date "2014.07.21"]
[Round "1"]
[White "Christiansen, Niels Jorgen"]
[Black "Thogersen, Rasmus"]
[Result "0-1"]
[WhiteElo "1664"]
[BlackElo "2089"]
[PlyCount "56"]
[EventDate "2014.07.21"]
[EventType "swiss"]
[EventRounds "10"]
[EventCountry "DEN"]
[Source "ChessBase"]
[SourceDate "2014.08.29"]

1. e4 c5 2. c3 Nf6 3. e5 Nd5 4. d4 cxd4 5. cxd4 d6 6. Bb5+ Bd7 7. Qb3 e6 8. Bd2
Bxb5 9. Qxb5+ Nc6 10. Nf3 Qd7 11. O-O Nxe5 12. Qxd7+ Nxd7 13. Nc3 N7f6 14. Rfe1
Be7 15. Nxd5 Nxd5 16. Rac1 Kd7 17. Rc2 Rhc8 18. Rec1 Rxc2 19. Rxc2 b5 20. a3 a5
21. b4 axb4 22. axb4 Ra1+ 23. Ne1 Rb1 24. Ra2 Bg5 25. Kf1 Bxd2 26. Rxd2 Rxb4
27. Nf3 Rb1+ 28. Ke2 Nf4+ 0-1

[Event "36. Copenhagen Open (Politiken Cup)"]
[Site "Elsinore"]
[Date "2014.07.21"]
[Round "1"]
[White "Christiansen, Torsten Sundgaar"]
[Black "Evertsson, Lennart"]
[Result "0-1"]
[WhiteElo "1793"]
[BlackElo "2196"]
[PlyCount "45"]
[EventDate "2014.07.21"]
[EventType "swiss"]
[EventRounds "10"]
[EventCountry "DEN"]
[Source "ChessBase"]
[SourceDate "2014.08.29"]

1. Nf3 d5 2. b3 c5 3. Bb2 Nc6 4. e3 Nf6 5. Be2 Bf5 6. d3 Qc7 7. Nbd2 Rd8 8. Rc1
e5 9. a3 Be7 10. h3 O-O 11. O-O Rfe8 12. Qe1 e4 13. Nh4 Bc8 14. f4 exf3 15.
Bxf3 Ne5 16. e4 Bd6 17. Qd1 d4 18. Qe2 b6 19. Rcd1 Nc6 20. Bc1 Bg3 21. Bg4 Nxg4
22. hxg4 Bxh4 23. Nf3 0-1

[Event "36. Copenhagen Open (Politiken Cup)"]
[Site "Elsinore"]
[Date "2014.07.21"]
[Round "1"]
[White "Degerfeldt, Sven"]
[Black "Koepke, Christian"]
[Result "0-1"]
[WhiteElo "1920"]
[BlackElo "2322"]
[PlyCount "68"]
[EventDate "2014.07.21"]
[EventType "swiss"]
[EventRounds "10"]
[EventCountry "DEN"]
[Source "ChessBase"]
[SourceDate "2014.08.29"]

1. d4 Nf6 2. c4 g6 3. Nc3 Bg7 4. e4 d6 5. Nge2 O-O 6. Ng3 a6 7. f3 Nbd7 8. Be3
c5 9. d5 b5 10. cxb5 Qa5 11. Qd2 Nb6 12. Rc1 axb5 13. a3 b4 14. axb4 Qxb4 15.
Be2 Ba6 16. Bxa6 Rxa6 17. Nd1 Qxd2+ 18. Bxd2 Rb8 19. O-O Nfd7 20. Bc3 Ne5 21.
Bxe5 Bxe5 22. Ne2 Na4 23. Ra1 Raa8 24. Ndc3 Nxb2 25. Rxa8 Rxa8 26. Rb1 Nd3 27.
Rd1 Nb4 28. f4 Bg7 29. Kf2 Ra3 30. Nb5 Ra2 31. Kf1 Nc2 32. Kg1 Ne3 33. Re1 Rb2
34. Nbc3 Nxg2 0-1